Flags of Countries in the Rugby World Cup - Statistics

General Stats
  • This quiz has been taken 118 times
  • The average score is 18 of 20
Answer Stats
Picture Answer % Correct
Ireland
100%
Japan
98%
Scotland
95%
Argentina
94%
Canada
94%
France
94%
Italy
94%
New Zealand
94%
Russia
94%
South Africa
94%
United States of America
94%
Uruguay
92%
Australia
90%
England
90%
Samoa
90%
Fiji
89%
Georgia
89%
Wales
89%
Namibia
85%
Tonga
85%
No matching quizzes found
Score Distribution
Percent of People with Each Score
Percentile by Number Answered
Your Score History
You have not taken this quiz